[Event "BL2 Ost 1920 (Women)"]
[Site "Germany"]
[Date "2020.02.02"]
[Round "5.3"]
[White "Weimert, Miriam"]
[Black "Beltz, Martina"]
[Result "1-0"]
[WhiteElo "1862"]
[BlackElo "1945"]
[PlyCount "73"]
[EventDate "2019.09.14"]
[EventType "team-tourn"]
[EventRounds "7"]
[EventCountry "GER"]
[SourceTitle "EXT 2021"]
[Source "ChessBase"]
[SourceDate "2020.10.23"]
[SourceVersion "1"]
[SourceVersionDate "2020.10.23"]
[SourceQuality "1"]
[WhiteTeam "Leipzig Lindenau (W)"]
[BlackTeam "Leipzig SG (W)"]
[WhiteTeamCountry "GER"]
[BlackTeamCountry "GER"]

1. e4 c5 2. Nc3 d6 3. Bc4 Nf6 4. f4 Nc6 5. d3 e6 6. Nf3 a6 7. a3 b5 8. Bb3 Bb7 9. 0-0 Be7 10. Qe1 0-0 11. Kh1 Na5 12. Ba2 Rc8 13. Bd2 Nc6 14. Ne2 Qc7 15. Ng3 Nd4 16. Nxd4 cxd4 17. Rc1 Nd7 18. Ba5 Qb8 19. Qf2 d5 20. exd5 exd5 21. Nf5 Bc5 22. Bb4 Rfe8 23. Bxc5 Nxc5 24. Qxd4 Ne6 25. Qb4 Rc5 26. d4 Rc7 27. Nd6 Rd8 28. Nxb7 Rxb7 29. Qd2 f5 30. Rce1 Nc7 31. Re5 g6 32. Rfe1 b4 33. axb4 Rxb4 34. Qc3 Qb6 35. Re7 Rc8 36. Bxd5+ Kf8 37. Rf7+ 1-0

[Event "Erfurt op-A 29th"]
[Site "Erfurt"]
[Date "2019.12.28"]
[Round "4"]
[White "Rettore, Ludwig"]
[Black "Weimert, Miriam"]
[Result "1/2-1/2"]
[WhiteElo "2081"]
[BlackElo "1845"]
[PlyCount "30"]
[EventDate "2019.12.26"]
[EventType "swiss"]
[EventRounds "8"]
[EventCountry "GER"]
[SourceTitle "CBM 194 Extra"]
[Source "ChessBase"]
[SourceDate "2020.03.31"]
[SourceVersion "1"]
[SourceVersionDate "2020.03.31"]
[SourceQuality "1"]

1. Nf3 c5 2. e4 a6 3. d4 cxd4 4. Nxd4 e5 5. Nb3 Nf6 6. Nc3 Bb4 7. Bd3 d5 8. exd5 Bxc3+ 9. bxc3 Qxd5 10. 0-0 0-0 11. Ba3 Re8 12. Qe2 e4 13. Bc4 Qg5 14. Nd4 b5 15. Bb3 Bb7 1/2-1/2

[Event "BL2 Ost 1819 (Women)"]
[Site "Germany"]
[Date "2019.01.13"]
[Round "7.4"]
[White "Orlova, Liubov"]
[Black "Weimert, Miriam"]
[Result "0-1"]
[WhiteElo "2014"]
[BlackElo "1829"]
[PlyCount "122"]
[EventDate "2018.10.27"]
[EventType "team-tourn"]
[EventRounds "7"]
[EventCountry "GER"]
[SourceTitle "CBM 190 Extra"]
[Source "ChessBase"]
[SourceDate "2019.07.15"]
[SourceVersion "1"]
[SourceVersionDate "2019.07.15"]
[SourceQuality "1"]
[WhiteTeam "Niederwiesa Gruen Weiss (W)"]
[BlackTeam "Leipzig Lindenau (W)"]
[WhiteTeamCountry "GER"]
[BlackTeamCountry "GER"]

1. d4 d5 2. Nf3 Nf6 3. c4 c6 4. e3 a6 5. Bd3 Bg4 6. h3 Bh5 7. Nbd2 e6 8. a3 Bd6 9. Qc2 Nbd7 10. b4 Bg6 11. e4 dxe4 12. Nxe4 Nxe4 13. Bxe4 Bxe4 14. Qxe4 Nf6 15. Qe2 b5 16. 0-0 0-0 17. Bg5 Rc8 18. Rad1 Be7 19. Rfe1 Re8 20. Ne5 Nd7 21. Bxe7 Qxe7 22. Qf3 Nxe5 23. dxe5 c5 24. cxb5 axb5 25. bxc5 Rxc5 26. Rb1 Rd5 27. Rb3 h6 28. Qe2 Qc5 29. Qe3 Qc7 30. Rc3 Qe7 31. Qc1 Red8 32. Rg3 Kh8 33. Rc3 Qe8 34. Rc7 Rd3 35. Rc3 Qe7 36. Rxd3 Rxd3 37. Qc8+ Rd8 38. Qc3 Rd5 39. Re3 Qg5 40. Qc8+ Kh7 41. Qc2+ Kg8 42. Rc3 g6 43. Rc8+ Kg7 44. Rc3 Qxe5 45. Re3 Qd6 46. Qc3+ Kh7 47. Re1 Rg5 48. Qb4 Qxb4 49. axb4 Rd5 50. Re4 Kg7 51. g4 Kf6 52. Kg2 Ke7 53. Kf3 Rd3+ 54. Ke2 Rxh3 55. Re5 h5 56. g5 Rh4 57. Rxb5 Rg4 58. Ke3 h4 59. Kf3 h3 60. Rb8 Rh4 61. Ra8 h2 0-1

[Event "BL2 Ost 1819 (Women)"]
[Site "Germany"]
[Date "2018.11.18"]
[Round "4.3"]
[White "Weise, Beatrix"]
[Black "Weimert, Miriam"]
[Result "1/2-1/2"]
[WhiteElo "1745"]
[BlackElo "1760"]
[PlyCount "118"]
[EventDate "2018.10.27"]
[EventType "team-tourn"]
[EventRounds "7"]
[EventCountry "GER"]
[SourceTitle "CBM 190 Extra"]
[Source "ChessBase"]
[SourceDate "2019.07.15"]
[SourceVersion "1"]
[SourceVersionDate "2019.07.15"]
[SourceQuality "1"]
[WhiteTeam "Loeberitz (W)"]
[BlackTeam "Leipzig Lindenau (W)"]
[WhiteTeamCountry "GER"]
[BlackTeamCountry "GER"]

1. d4 Nf6 2. Nf3 g6 3. c4 Bg7 4. Nc3 c5 5. d5 d6 6. e4 Nbd7 7. h3 0-0 8. Be3 b6 9. Bd3 Bb7 10. 0-0 Ne8 11. Rc1 e5 12. Qc2 Nc7 13. b3 f6 14. Nd2 Qe7 15. g4 Rf7 16. f3 Raf8 17. Ne2 Bc8 18. Ng3 Ne8 19. Rf2 Bh8 20. Rg2 Ng7 21. Ndf1 Nb8 22. Kh2 Na6 23. a3 Nc7 24. b4 Na6 25. b5 Nc7 26. a4 Bd7 27. Rb1 Rb8 28. Rb3 a6 29. Ra3 Ra8 30. Ra2 a5 31. Ra3 Kf8 32. Rb3 Ke8 33. Rb1 Kd8 34. Rd1 Kc8 35. Rc1 Kb7 36. Bd2 Raf8 37. Ne3 Qd8 38. Rf1 Qc8 39. Rff2 Nce8 40. Rf1 Kc7 41. Rff2 Kb7 42. Rg1 Kc7 43. Rgf1 Qd8 44. Kg2 Kb7 45. Ra1 Nc7 46. h4 h6 47. Kg1 Qc8 48. h5 g5 49. Kg2 Ka7 50. Re2 Kb7 51. Rae1 Ka7 52. Rd1 Kb7 53. Rf1 Ka7 54. Nef5 Nxf5 55. exf5 Ne8 56. Ne4 Qc7 57. Qc3 Kb7 58. Qc1 Rg8 59. Kg3 Kb8 1/2-1/2

[Event "Youth District Germany"]
[Site "Wuerzburg"]
[Date "2018.10.07"]
[Round "7.7"]
[White "Puls, Luisa"]
[Black "Weimert, Miriam"]
[Result "0-1"]
[WhiteElo "1456"]
[BlackElo "1776"]
[PlyCount "52"]
[EventDate "2018.10.02"]
[EventType "team-swiss"]
[EventRounds "7"]
[EventCountry "GER"]
[SourceTitle "CBM 186 Extra"]
[Source "ChessBase"]
[SourceDate "2018.08.24"]
[SourceVersion "1"]
[SourceVersionDate "2018.08.24"]
[SourceQuality "1"]
[WhiteTeam "Mecklenburg-Vorpommern U20"]
[BlackTeam "Sachsen U20 II"]
[WhiteTeamCountry "GER"]
[BlackTeamCountry "GER"]

1. d4 Nf6 2. Nf3 g6 3. Bg5 Bg7 4. e3 0-0 5. c4 c5 6. Be2 d6 7. 0-0 Nbd7 8. Nbd2 b6 9. Qc2 Bb7 10. Rfd1 Rc8 11. Rac1 h6 12. Bf4 Nh5 13. Bg3 Nxg3 14. hxg3 cxd4 15. Nxd4 Ne5 16. Qb3 h5 17. Bd3 Nxd3 18. Qxd3 Qd7 19. b3 h4 20. gxh4 Qg4 21. N4f3 Rc5 22. e4 Bh6 23. Re1 f5 24. Nh2 Qxh4 25. Qh3 Qxh3 26. gxh3 Bxd2 0-1

[Event "GER-ch U25-B"]
[Site "Willingen"]
[Date "2018.05.26"]
[Round "9"]
[White "Werner, Tom"]
[Black "Weimert, Miriam"]
[Result "0-1"]
[WhiteElo "1629"]
[BlackElo "1791"]
[PlyCount "94"]
[EventDate "2018.05.19"]
[EventType "swiss"]
[EventRounds "9"]
[EventCountry "GER"]
[SourceTitle "CBM 184 Extra"]
[Source "ChessBase"]
[SourceDate "2018.06.28"]
[SourceVersion "1"]
[SourceVersionDate "2018.06.28"]
[SourceQuality "1"]

1. c4 e5 2. Nc3 f5 3. e3 Nc6 4. d4 e4 5. Nge2 Nf6 6. g3 g6 7. Bg2 Bg7 8. 0-0 0-0 9. a3 a5 10. f3 exf3 11. Bxf3 d6 12. Nf4 Ne7 13. Rb1 Rb8 14. b4 axb4 15. axb4 c6 16. d5 g5 17. Nfe2 cxd5 18. Nxd5 Be6 19. Nec3 Ng6 20. Nxf6+ Bxf6 21. Nd5 Bg7 22. Be2 Ne5 23. Bb2 Rc8 24. Bxe5 Bxe5 25. Bd3 Bxd5 26. cxd5 Qb6 27. Re1 Rc7 28. Kh1 Rg7 29. Qf3 f4 30. gxf4 gxf4 31. Rg1 Qxe3 32. Rxg7+ Bxg7 33. Qe4 Qxe4+ 34. Bxe4 f3 35. Kg1 Bd4+ 36. Kf1 Rf4 37. Bd3 Rh4 38. Ke1 Rxh2 39. Rc1 Rh1+ 40. Bf1 h5 41. Rc8+ Kg7 42. Rc7+ Kf6 43. Rxb7 Ke5 44. b5 Kxd5 45. Rc7 h4 46. Rc2 h3 47. Rd2 h2 0-1

[Event "Leipzig VfB op 25th"]
[Site "Leipzig"]
[Date "2018.03.20"]
[Round "1"]
[White "Weimert, Miriam"]
[Black "Kuersten, Ruediger"]
[Result "0-1"]
[WhiteElo "1776"]
[BlackElo "2169"]
[PlyCount "100"]
[EventDate "2018.03.20"]
[EventType "swiss"]
[EventRounds "9"]
[EventCountry "GER"]
[SourceTitle "CBM 183 Extra"]
[Source "ChessBase"]
[SourceDate "2018.04.19"]
[SourceVersion "1"]
[SourceVersionDate "2018.04.19"]
[SourceQuality "1"]

1. e4 c6 2. Nc3 d5 3. Nf3 Bg4 4. Be2 e6 5. 0-0 Nf6 6. exd5 cxd5 7. Ne5 Bf5 8. Bb5+ Nfd7 9. Qf3 a6 10. Bxd7+ Nxd7 11. Re1 Nxe5 12. Rxe5 Bxc2 13. Nxd5 Bd6 14. Re1 0-0 15. Nc3 b5 16. d3 Be7 17. Qg4 Qxd3 18. Re3 Qc4 19. Qf3 b4 20. Ne2 Rad8 21. h3 Rd1+ 22. Kh2 Bd6+ 23. g3 f5 24. b3 Qd5 25. Qxd5 exd5 26. Bb2 Bc5 27. Rxd1 Bxd1 28. Nd4 f4 29. Re6 fxg3+ 30. Kxg3 a5 31. Ra6 Rf6 32. Rxf6 gxf6 33. Nc6 Kf7 34. Nxa5 Bc2 35. Nc6 Bb1 36. Nd4 Bxa2 37. Kf3 Bb1 38. Kf4 Kg6 39. Kg4 h5+ 40. Kh4 Bd6 41. Nf3 Ba2 42. Nd4 Be5 43. Ba1 f5 44. Nc2 Bxa1 45. Nxa1 Bb1 46. f4 Kf6 47. Kg3 Ke6 48. h4 Kd6 49. Kf2 Kc5 50. Ke3 Be4 0-1

[Event "GER-ch U16 Girls"]
[Site "Willingen"]
[Date "2017.06.05"]
[Round "3"]
[White "Weimert, Miriam"]
[Black "Kobald, Jacqueline"]
[Result "0-1"]
[WhiteElo "1883"]
[BlackElo "1712"]
[PlyCount "62"]
[EventDate "2017.06.04"]
[EventType "swiss"]
[EventRounds "9"]
[EventCountry "GER"]
[SourceTitle "CBM 178 Extra"]
[Source "ChessBase"]
[SourceDate "2017.06.22"]
[SourceVersion "1"]
[SourceVersionDate "2017.06.22"]
[SourceQuality "1"]

1. e4 c5 2. Nc3 Nc6 3. f4 g6 4. Nf3 Bg7 5. Bc4 e6 6. e5 d6 7. exd6 Qxd6 8. d3 Nge7 9. Be3 b6 10. 0-0 0-0 11. Qe1 Nf5 12. Bd2 Nfd4 13. Nxd4 Nxd4 14. Ne4 Qc6 15. Qh4 Bb7 16. Rf2 h6 17. Nf6+ Kh8 18. Ng4 Nf5 19. Qh3 b5 20. Bb3 c4 21. dxc4 bxc4 22. Ne5 Bxe5 23. fxe5 Kg7 24. Rxf5 exf5 25. Bxh6+ Kg8 26. Bxf8 Rxf8 27. Rf1 cxb3 28. cxb3 Qc5+ 29. Kh1 Qxe5 30. Qc3 Qxc3 31. bxc3 Rd8 0-1

[Event "GER-ch U16 Girls"]
[Site "Willingen"]
[Date "2017.06.04"]
[Round "1"]
[White "Weimert, Miriam"]
[Black "Reitz, Theresa"]
[Result "1/2-1/2"]
[WhiteElo "1883"]
[BlackElo "1690"]
[PlyCount "49"]
[EventDate "2017.06.04"]
[EventType "swiss"]
[EventRounds "9"]
[EventCountry "GER"]
[SourceTitle "CBM 178 Extra"]
[Source "ChessBase"]
[SourceDate "2017.06.22"]
[SourceVersion "1"]
[SourceVersionDate "2017.06.22"]
[SourceQuality "1"]

1. e4 c5 2. Nc3 a6 3. a4 e6 4. Bc4 Nc6 5. f4 b6 6. Nf3 Bb7 7. 0-0 Nge7 8. f5 exf5 9. d3 g6 10. Qe1 Nb4 11. Bb3 Bg7 12. exf5 d5 13. Ne5 f6 14. Ng4 c4 15. Ne2 cxb3 16. Qxb4 Nxf5 17. Qxb3 0-0 18. c3 Re8 19. Nf4 Kh8 20. Bd2 Rc8 21. Rae1 Qd6 22. Qd1 Qc6 23. d4 Qd7 24. b3 Nd6 25. Nf2 1/2-1/2

[Event "BL2 Ost 1617 (Women)"]
[Site "Germany"]
[Date "2017.01.22"]
[Round "4.3"]
[White "Weimert, Miriam"]
[Black "Schrader, Elanor"]
[Result "1-0"]
[WhiteElo "1744"]
[BlackElo "1802"]
[PlyCount "139"]
[EventDate "2016.10.22"]
[EventType "team-tourn"]
[EventRounds "7"]
[EventCountry "GER"]
[SourceTitle "EXT 2018"]
[Source "ChessBase"]
[SourceDate "2017.10.13"]
[SourceVersion "1"]
[SourceVersionDate "2017.10.13"]
[SourceQuality "1"]
[WhiteTeam "Leipzig Lindenau (W)"]
[BlackTeam "Paderborn (W)"]
[WhiteTeamCountry "GER"]
[BlackTeamCountry "GER"]

1. e4 c5 2. Nc3 Nc6 3. f4 g6 4. Nf3 Bg7 5. Bc4 d6 6. 0-0 e6 7. f5 exf5 8. d3 Nf6 9. Qe1 0-0 10. Bg5 Be6 11. Qh4 h6 12. Bxh6 Bxh6 13. Qxh6 Ng4 14. Qf4 Bxc4 15. dxc4 Nce5 16. exf5 gxf5 17. h3 Ng6 18. Qd2 N4e5 19. Nxe5 dxe5 20. Qxd8 Raxd8 21. Rxf5 Rd2 22. Rf2 Rxf2 23. Kxf2 Rd8 24. Nd5 Kf8 25. Ke3 Nh4 26. g4 Kg7 27. Rf1 Rd6 28. Ke4 Re6 29. Rd1 Ng2 30. Rd2 Nh4 31. Ne3 Rb6 32. b3 Ng6 33. Nf5+ Kf6 34. h4 Ke6 35. Rd5 f6 36. Rxc5 Ne7 37. Nxe7 Kxe7 38. Kf5 Kd7 39. h5 Re6 40. Ke4 Re7 41. g5 Ke6 42. gxf6 Kxf6 43. h6 Rh7 44. Rxe5 Rxh6 45. Rc5 Rh7 46. a4 Rd7 47. Rd5 Rc7 48. Kd4 Ke6 49. b4 a6 50. c3 Rh7 51. b5 axb5 52. Re5+ Kd6 53. cxb5 Rh4+ 54. Re4 Rh3 55. Kc4 Kc7 56. Kb4 Rh1 57. a5 Rb1+ 58. Kc5 Rh1 59. Re7+ Kb8 60. b6 Kc8 61. Rc7+ Kb8 62. Rf7 Kc8 63. c4 Rh5+ 64. Kd6 Rh6+ 65. Ke7 Rh8 66. Rf8+ Rxf8 67. Kxf8 Kd7 68. Kf7 Kd6 69. Ke8 Kc6 70. Kd8 1-0